| 000 | 00556nam a2200205 i 4500 | ||
|---|---|---|---|
| 001 | 82349 | ||
| 003 | ES-MaACL | ||
| 005 | 20230906174646.0 | ||
| 007 | t| | ||
| 008 | 041110s1969 mx ||||1| spa d | ||
| 100 | 1 |
_aIbargüengoitia, Jorge. _964951 |
|
| 245 | 1 | 0 |
_aMaten al león / _cJorge Ibargüengoitia. |
| 250 | _a[1ª ed.]. | ||
| 260 |
_aMéxico : _bJoaquín Mortiz, _c[1969] |
||
| 300 |
_a178 p. ; _c18 cm. |
||
| 490 | 1 | _aSerie del volador | |
| 830 | 0 |
_aSerie del volador _9181075 |
|
| 852 |
_aES-MaACL _jA-5712 _bR.93563 |
||
| 999 |
_c82349 _d82349 |
||